[Event "Jugend Mitropa Cup"]
[Site "Saint-Vincent"]
[Date "22.09.2001"]
[Round "8"]
[White "Mogranzini, R.."]
[Black "Vaculik, M.."]
[Result "1/2-1/2"]
[WhiteElo "2104"]
[BlackElo "2144"]
[PlyCount "66"]

1. e4 e6 2. d4 g6 3. Nf3 Bg7 4. c3 Ne7 5. Be2 b6 6. Be3 Bb7 7. Nbd2 d6 8. O-O
Nd7 9. Re1 O-O 10. Bf1 h6 11. Qb3 Kh7 12. g3 Nf6 13. Qc2 Ng4 14. Bg2 Nxe3 15.
fxe3 c5 16. Rad1 Qc7 17. Rf1 Rae8 18. Qd3 f5 19. Rde1 Qc8 20. Rf2 Ng8 21. exf5
exf5 22. e4 fxe4 23. Nxe4 Bxe4 24. Rxe4 Qf5 25. g4 Qd7 26. Rxe8 Qxe8 27. Re2
Qf7 28. Nh4 Ne7 29. h3 Bf6 30. Rxe7 Bxe7 31. Nxg6 Kg7 32. Nxf8 Qxf8 33. Qe4 Bg5
1/2-1/2

[Event "Jugend Mitropa Cup"]
[Site "Saint-Vincent"]
[Date "22.09.2001"]
[Round "8"]
[White "Berkes, F."]
[Black "Guidarelli, L."]
[Result "1-0"]
[WhiteElo "2525"]
[BlackElo "2323"]
[PlyCount "105"]

1. c4 e5 2. Nc3 Nc6 3. g3 g6 4. Bg2 Bg7 5. e3 f5 6. Nge2 Nf6 7. O-O O-O 8. b3
Ne7 9. d4 e4 10. d5 c5 11. dxc6 dxc6 12. Ba3 Qxd1 13. Raxd1 Re8 14. Rd6 Kf7 15.
h3 Neg8 16. Rd2 Bf8 17. Bxf8 Kxf8 18. Rfd1 b6 19. Rd6 Bb7 20. g4 Re5 21. Nd4
Rc8 22. Ne6+ Ke7 23. Nd8 Ba8 24. g5 Nd5 25. cxd5 cxd5 26. Nb5 Rxd8 27. Rxd8
Kxd8 28. Nxa7 Ne7 29. Nb5 Nc6 30. Bf1 Kc8 31. Kg2 Nd8 32. Rc1+ Bc6 33. Kg3 Kb7
34. Nd4 Be8 35. h4 Nf7 36. Kf4 Re7 37. Nb5 Bxb5 38. Bxb5 Rc7 39. Rxc7+ Kxc7 40.
h5 Kd6 41. hxg6 hxg6 42. Be8 Ne5 43. Bxg6 Nxg6+ 44. Kxf5 Ne7+ 45. Kf6 Ng8+ 46.
Kf7 Ne7 47. g6 d4 48. exd4 Nf5 49. g7 Kd5 50. g8=Q Nh6+ 51. Kf8+ Nxg8 52. Kxg8
Kxd4 53. Kf7 1-0

[Event "Jugend Mitropa Cup"]
[Site "Saint-Vincent"]
[Date "22.09.2001"]
[Round "8"]
[White "Santo-Roman, M."]
[Black "Zagaratski, I."]
[Result "1/2-1/2"]
[WhiteElo "2425"]
[BlackElo "2248"]
[PlyCount "37"]

1. e4 e5 2. Nf3 Nc6 3. Bb5 a6 4. Bxc6 dxc6 5. O-O Qd6 6. Na3 b5 7. c3 c5 8. Nc2
Bb7 9. Qe2 Ne7 10. a4 c4 11. axb5 axb5 12. Rxa8+ Bxa8 13. Na3 Ng6 14. Qe3 Qc6
15. Re1 Bxa3 16. bxa3 Qd6 17. a4 bxa4 18. Qa7 Bc6 19. Qa6 1/2-1/2

[Event "Jugend Mitropa Cup"]
[Site "Saint-Vincent"]
[Date "22.09.2001"]
[Round "8"]
[White "Kuemin, S."]
[Black "Sakelsek, T."]
[Result "1/2-1/2"]
[WhiteElo "2313"]
[BlackElo "2202"]
[PlyCount "82"]

1. b4 e5 2. a3 a5 3. b5 d5 4. Bb2 Bd6 5. Nf3 Qe7 6. g3 Nf6 7. Bg2 O-O 8. O-O h6
9. c4 c6 10. d4 e4 11. Ne5 Nbd7 12. bxc6 Nxe5 13. dxe5 Bxe5 14. cxb7 Bxb7 15.
Bxe5 Qxe5 16. Nd2 e3 17. Nf3 exf2+ 18. Rxf2 Qc7 19. Nd4 Ng4 20. cxd5 Nxf2 21.
Kxf2 Qc5 22. Rc1 Qxa3 23. Nf5 Bc8 24. Nxg7 Kxg7 25. Qd4+ Kg8 26. Rc6 Ra6 27.
Rxc8 Rxc8 28. Qg4+ Rg6 29. Qxc8+ Kg7 30. Be4 Rf6+ 31. Kg2 Qe3 32. Qg4+ Qg5 33.
Qd7 h5 34. Qa7 h4 35. Qd4 h3+ 36. Kxh3 Qh5+ 37. Kg2 Qxe2+ 38. Kh3 Qf1+ 39. Kg4
Qf2 40. Qe5 Qe2+ 41. Kh3 Qd2 1/2-1/2

[Event "Jugend Mitropa Cup"]
[Site "Saint-Vincent"]
[Date "22.09.2001"]
[Round "8"]
[White "Vavrak, P."]
[Black "Plachetka, J."]
[Result "1/2-1/2"]
[WhiteElo "2286"]
[BlackElo "2443"]
[PlyCount "81"]

1. c4 c5 2. Nf3 Nc6 3. g3 g6 4. Bg2 Bg7 5. Nc3 e6 6. O-O Nge7 7. d3 O-O 8. Bd2
b6 9. Qc1 Bb7 10. Bh6 d5 11. Bxg7 Kxg7 12. cxd5 exd5 13. d4 cxd4 14. Nb5 Nf5
15. Bh3 a6 16. Bxf5 axb5 17. Bd3 b4 18. Bb5 Qf6 19. Bxc6 Bxc6 20. Qd2 d3 21.
Qxd3 Qxb2 22. Rfc1 Ra3 23. Qd4+ Qxd4 24. Nxd4 Bd7 25. Rcb1 Ra4 26. Rb2 Rc8 27.
Kg2 Rc4 28. e3 Kf6 29. Kf3 Bf5 30. Ke2 Rc3 31. Kd2 Rd3+ 32. Ke2 Rda3 33. Kd2 h5
34. Nb5 Rd3+ 35. Ke2 g5 36. Rc1 g4 37. Rc6+ Kg7 38. Rxb6 Be4 39. Nd6 Rda3 40.
Nxe4 dxe4 41. R6xb4 1/2-1/2

[Event "Jugend Mitropa Cup"]
[Site "Saint-Vincent"]
[Date "2001.09.23"]
[Round "9"]
[White "Vaculik, M."]
[Black "Berkes, F."]
[Result "1/2-1/2"]
[WhiteElo "2144"]
[BlackElo "2525"]
[PlyCount "43"]

1. e4 c5 2. Nf3 e6 3. d4 cxd4 4. Nxd4 Nc6 5. Nc3 Qc7 6. g3 a6 7. a4 Bb4 8. Nde2
Nf6 9. Bg2 d5 10. O-O dxe4 11. Nxe4 Nxe4 12. Bxe4 O-O 13. c3 Be7 14. Nf4 Bd7
15. Qh5 f5 16. Bg2 Bf6 17. Re1 Rae8 18. Be3 Na5 19. g4 Nc4 20. gxf5 Nxe3 21.
fxe3 Qe5 22. fxe6 1/2-1/2

[Event "Jugend Mitropa Cup"]
[Site "Saint-Vincent"]
[Date "2001.09.23"]
[Round "9"]
[White "Zaragatski, I."]
[Black "Kuemin, S."]
[Result "1/2-1/2"]
[WhiteElo "2248"]
[BlackElo "2313"]
[PlyCount "85"]

1. e4 e6 2. Nf3 c5 3. d4 cxd4 4. Nxd4 a6 5. Nc3 Qc7 6. Bd3 Nf6 7. O-O d6 8. Kh1
Nbd7 9. f4 b5 10. Qe2 Be7 11. Bd2 Bb7 12. b4 O-O 13. a4 bxa4 14. Rxa4 Nb6 15.
Ra2 d5 16. e5 Ne4 17. Nxe4 dxe4 18. Bxa6 Nd5 19. Bc4 Rxa2 20. Bxa2 Nxb4 21. Qc4
Qb6 22. Bxb4 Ba6 23. Qb3 Bxf1 24. Bxe7 Qxd4 25. Bxf8 Bc4 26. Qb1 Bxa2 27. Bc5
Qxc5 28. Qxa2 Qc6 29. c4 h6 30. Qe2 Qd7 31. Kg1 Qd4+ 32. Kf1 e3 33. g3 g5 34.
fxg5 hxg5 35. Qc2 Qxe5 36. Ke2 Qc5 37. Qe4 Kg7 38. Kf3 Kf6 39. h4 gxh4 40. gxh4
Ke7 41. Qb7+ Kf8 42. Qa8+ Kg7 43. Qe4 1/2-1/2

[Event "Jugend Mitropa Cup"]
[Site "Saint-Vincent"]
[Date "2001.09.23"]
[Round "9"]
[White "Guidarelli, L."]
[Black "Santo-Roman, M."]
[Result "1-0"]
[WhiteElo "2323"]
[BlackElo "2425"]
[PlyCount "85"]

1. e4 c5 2. Nf3 e6 3. b3 Nf6 4. e5 Nd5 5. c4 Ne7 6. Bd3 Nbc6 7. Bb2 Ng6 8. O-O
Be7 9. Re1 O-O 10. Be4 d5 11. exd6 Qxd6 12. h4 Rd8 13. h5 Nf8 14. h6 g6 15.
Bxc6 Qxc6 16. Nc3 f6 17. Qe2 Re8 18. d4 cxd4 19. Nxd4 Qb6 20. Ne4 e5 21. c5 Qa6
22. Nb5 Be6 23. Nc7 Qxe2 24. Rxe2 Rac8 25. Nxe8 Rxe8 26. Nd6 Bxd6 27. cxd6 Bd7
28. f4 Bb5 29. Re3 e4 30. Bxf6 Re6 31. Be7 Nd7 32. Rc1 Bc6 33. g4 Kf7 34. g5
Nb6 35. Rce1 Nc8 36. Rd1 Nxe7 37. dxe7 Kxe7 38. Kf2 Ke8 39. Rc3 Re7 40. Ke3 Rf7
41. Rd6 Rc7 42. Re6+ Kd7 43. Rxe4 1-0

[Event "Jugend Mitropa Cup"]
[Site "Saint-Vincent"]
[Date "2001.09.23"]
[Round "9"]
[White "Plachetka, J."]
[Black "Mogranzini, R."]
[Result "1-0"]
[WhiteElo "2443"]
[BlackElo "2104"]
[PlyCount "143"]

1. d4 Nf6 2. Nf3 g6 3. Bg5 Bg7 4. Nbd2 d5 5. e3 O-O 6. Bd3 c5 7. c3 b6 8. O-O
Bb7 9. Ne5 Nc6 10. f4 Nd7 11. Bh4 Qe8 12. Ndf3 f5 13. Bb5 Ndxe5 14. Nxe5 Bxe5
15. fxe5 a6 16. Be2 e6 17. Qe1 Nb8 18. Bg5 Bc6 19. b3 Bb5 20. c4 Bc6 21. Rc1
dxc4 22. Bxc4 b5 23. Be2 cxd4 24. exd4 Qd7 25. Qh4 Be4 26. Bh6 Re8 27. Bf3 Bxf3
28. Rxf3 Nc6 29. Rfc3 Qxd4+ 30. Qxd4 Nxd4 31. Kf2 f4 32. Rc7 Nf5 33. Bxf4 Ne7
34. Bh6 Nd5 35. Rg7+ Kh8 36. Kg1 Rf8 37. Rd7 Rac8 38. Rxc8 Rxc8 39. Rd6 Re8 40.
Rxa6 Kg8 41. Ra7 Rc8 42. h3 b4 43. Kf1 Rb8 44. Ke2 Rc8 45. Kd3 Rc3+ 46. Kd4 Rc8
47. g4 Nc3 48. Rg7+ Kh8 49. Re7 Rd8+ 50. Kc5 Nxa2 51. Rxe6 Kg8 52. Re7 Nc3 53.
Rg7+ Kh8 54. Rb7 Kg8 55. Kxb4 Ne4 56. Kc4 Nf2 57. b4 Nxh3 58. b5 Nf2 59. Rg7+
Kh8 60. Rc7 Nxg4 61. Bg7+ Kg8 62. b6 Ne3+ 63. Kb5 Nd5 64. Rb7 h5 65. Bf6 Rc8
66. Rg7+ Kf8 67. b7 Rb8 68. Kc6 Nb4+ 69. Kd6 Na6 70. e6 Rd8+ 71. Rd7 Re8 72.
Rh7 1-0